Do Cup Chah (ਦੋ ਕੱਪ ਚਾਹ) (Record no. 10037)
[ view plain ]
| 000 -LEADER | |
|---|---|
| fixed length control field | 00484nam a22001577a 4500 |
| 003 - CONTROL NUMBER IDENTIFIER | |
| control field | OSt |
| 005 - DATE AND TIME OF LATEST TRANSACTION | |
| control field | 20240415163051.0 |
| 008 - FIXED-LENGTH DATA ELEMENTS--GENERAL INFORMATION | |
| fixed length control field | 240415b |||||||| |||| 00| 0 eng d |
| 040 ## - CATALOGING SOURCE | |
| Transcribing agency | MRSPTU |
| 100 ## - MAIN ENTRY--PERSONAL NAME | |
| Personal name | Gurpreet (ਗੁਰਪ੍ਰੀਤ) |
| 245 ## - TITLE STATEMENT | |
| Title | Do Cup Chah (ਦੋ ਕੱਪ ਚਾਹ) |
| Remainder of title | ਦੇਵਨੀਤ ਨਾਲ ਸੰਵਾਦ ਤੇ ਉਹਦੀ ਕਵਿਤਾ) |
| 250 ## - EDITION STATEMENT | |
| Edition statement | 1st |
| 260 ## - PUBLICATION, DISTRIBUTION, ETC. | |
| Place of publication, distribution, etc. | Punjab |
| Name of publisher, distributor, etc. | Udaan Publications |
| Date of publication, distribution, etc. | 2013 |
| 300 ## - PHYSICAL DESCRIPTION | |
| Extent | 135 |
| 942 ## - ADDED ENTRY ELEMENTS (KOHA) | |
| Source of classification or shelving scheme | Dewey Decimal Classification |
| Koha item type | Book |
| Suppress in OPAC | No |
| Withdrawn status | Lost status | Source of classification or shelving scheme | Damaged status | Not for loan | Collection | Home library | Current library | Date acquired | Total checkouts | Barcode | Date due | Date last seen | Date last checked out | Price effective from | Koha item type |
|---|---|---|---|---|---|---|---|---|---|---|---|---|---|---|---|
| Dewey Decimal Classification | BK | MRSPTU Central Library | MRSPTU Central Library | 04/15/2024 | 1 | G-204 | 06/03/2024 | 05/13/2024 | 05/13/2024 | 04/15/2024 | Book |
